000 02661cam a22003258i 4500
001 13665
003 BD-JhCC
005 20240313192510.0
008 210629s2021 nyua b 001 0 eng
020 _a9781982127251
020 _z9781982127275
035 _a(BD-JhCC)13665
040 _aDLC
_cDLC
_erda
_dBD-JhCC
041 _aeng
050 0 0 _aHE571
_b.B68 2021
082 0 0 _a387.5
_223
_bHER 2021
100 1 _a Herman,Arthur
245 1 0 _aTo Rule The Waves :
_bHow the British Navy Shaped the Modern World /
_cArthur Herman.
250 _aHardcover Edition.
260 _anew york.
_bHarper;
_c2021.
300 _a405 p. :
_billustrations ;
_c24 cm
504 _aIncludes bibliographical references and index.
520 _a"For centuries, oceans were the chessboard on which empires battled for dominance. But in the nuclear age, air power and missile systems dominated our worries about security, and for the United States, the economy was largely driven by domestic production, with trucking and railways that crisscrossed the continent the primary modes of commercial transit. All that has changed, as nine-tenths of global commerce and the bulk of energy trade is today linked to sea-based flows. A brightly-painted 40-foot steel shipping container loaded in Asia with twenty tons of goods may arrive literally anywhere else in the world; how that really happens and who actually profits by it show that the struggle for power on the seas is a critical issue today. Now, in bright, closely observed prose, To Rule the Waves author Bruce Jones conducts us on a fascinating voyage through the great modern ports and naval bases of this era-from the vast container ports of Shanghai and Hong Kong to the vital naval base of the American 7th fleet in Hawaii to the sophisticated security arrangements in the port of New York. Along the way, the book illustrates how global commerce works, that we are amidst a global naval arms race, and why the oceans are so crucial to America's standing going forward. As Jones reveals, the three great geopolitical struggles of our time-for military power, for economic dominance, and over our changing climate-are playing out atop, within, and below the world's oceans. The essential question, he shows, is this: who will rule the waves and set the terms of the world to come?"--
650 0 _a Geopolitics
_xHistory.
_zPolitique mondiale
650 0 _aSea-power
_xHistory.
650 0 _aWorld politics.
650 0 _aPower (Social sciences)
776 0 8 _iOnline version:
_aJones, Bruce D.
_tTo rule the waves
_bHardcover.
_dNew York : Scribner, 2021
_z9781982127275
_w(DLC) 2021023018
942 _2ddc
_cBK
999 _c13665
_d13665